Kultúra ako faktor rozvoja a stability európskeho priestoru dizertačná práca

Enregistré dans:
Détails bibliographiques
Auteur principal: Tökölyová, Tatiana
Collectivité auteur: Fakulta medzinárodných vzťahov EU. Katedra medzinárodných politických vzťahov
Autres auteurs: Zágoršeková, Marta
Format: Livre
Langue:slovaque
Publié: Bratislava 2012
Sujets:
Tags: Ajouter un tag
Pas de tags, Soyez le premier à ajouter un tag!

MARC

LEADER 00000nbm a2200000 4500
001 0159778
005 20230324115344.0
041 0 |a slo 
044 |a SK 
245 1 0 |a Kultúra ako faktor rozvoja a stability európskeho priestoru  |b dizertačná práca  |c Tatiana Tökölyová ; školiteľ: Marta Zágoršeková 
264 1 |a Bratislava  |c 2012 
300 |a 171 s. 
610 2 0 |a integrácia ekonomická medzinárodná 
610 2 0 |a integrácia 
610 2 0 |a stabilita politická 
610 2 0 |a stabilizácia hospodárstva 
610 2 0 |a kultúra 
610 2 0 |a únie menové 
610 2 0 |a trh spoločný 
100 1 |a Tökölyová, Tatiana 
700 1 |a Zágoršeková, Marta 
710 2 |a Fakulta medzinárodných vzťahov EU. Katedra medzinárodných politických vzťahov